01124cam a2200265Ia 4500001000700000003000600007007001400013008004100027040000800068090002000076100003500096245015000131246014000281300003300421502004400454504005600498533006700554546002300621596000600644650004000650650002500690942001300715952011500728999001500843u26607SIRSIheabmb---bacu050126s1980 ua a bb 000 0 eng d aEAL aThesisb S-81221 aNassef,Ashga Mahmoud El-Adawi.10aStudies on storge stability of irradiated potatoes from biochemical and technological point of viewh[microform]/cAshga Mahmoud El-Adawi Nassef.15aدراسات علي قدرة احتفاظ درنات البطاطس المعاملة بالأشعاع علي صفات التخزين. a70,2Leaves :bill. ;c30 cm. aThesis (M.S.)--Mansoura University,1980 aIncludes bibliographical references (leaves 60-70 ) aMicrofiche.bCairo, Egypt :cASUNET,e2 microfiches:negative. aSummary in Arabic. a1 0aPotatoes x Radiation preservation. 0aPotatoes x Storage. cMIC2lcc 00102lcc4070aENALbENALd2018-02-19l0oTHESIS S-8122p27561-1001r2018-02-19 00:00:00t1w2018-02-19yMIC c7091d7091